[Event "4NCL/Div3/GLOSG vs. RHYE"]
[Site "Hinckley Island ENG"]
[Date "2010.01.16"]
[Round "3.5"]
[White "Dodwell, Phil"]
[Black "Smith, Olivia"]
[Result "1-0"]
[WhiteElo "1978"]
[BlackElo "2026"]
[PlyCount "101"]
[EventDate "2010.01.16"]
[SourceDate "2009.10.24"]

1. e4 e5 2. Nf3 Nf6 3. Nc3 Bb4 4. Bc4 Nc6 5. O-O O-O 6. d3 h6 7. Nd5 Be7 8. c3
d6 9. h3 Na5 10. Nxe7+ Qxe7 11. Bb5 c5 12. Qe2 a6 13. Ba4 b5 14. Bc2 Nc6 15.
Bd2 a5 16. Nh4 d5 17. Rae1 d4 18. Nf5 Bxf5 19. exf5 Qd7 20. Qf3 Rfe8 21. Bc1
Rad8 22. Rd1 Kh8 23. g4 e4 24. dxe4 Ne5 25. Qf4 d3 26. f3 c4 27. Bb1 b4 28. Bd2
Qb5 29. Kh1 b3 30. a3 Ned7 31. g5 hxg5 32. Qxg5 Nh7 33. Qg3 Qe5 34. Bf4 Qf6 35.
Rf2 g6 36. Be3 Kg8 37. Bd4 Qg5 38. Qh2 Ndf8 39. Rg1 Qe7 40. Qf4 Rxd4 41. cxd4
Qa7 42. Qd6 Re7 43. Rd2 Rd7 44. Qc5 Qxc5 45. dxc5 Rc7 46. Rc1 Rxc5 47. Bxd3 Ng5
48. Rxc4 Rxc4 49. Bxc4 Nxf3 50. Rg2 Ne5 51. fxg6 1-0

[Event "4NCL/Div3/GLOSG vs. RHYE"]
[Site "Hinckley Island ENG"]
[Date "2010.01.16"]
[Round "3.6"]
[White "Blackburn, Suzy G"]
[Black "Blencowe, Ian P"]
[Result "1/2-1/2"]
[WhiteElo "1912"]
[BlackElo "1674"]
[PlyCount "146"]
[EventDate "2010.01.16"]
[SourceDate "2009.10.24"]

1. d4 e6 2. Nf3 d5 3. c3 c5 4. Bf4 Qb6 5. Qc2 Nc6 6. e3 Bd7 7. Be2 Rc8 8. Qd2
Nf6 9. Bd3 c4 10. Be2 Ne4 11. Qc2 Qa5 12. Nbd2 Nxd2 13. Nxd2 b5 14. O-O Be7 15.
e4 O-O 16. a3 Qb6 17. Bf3 dxe4 18. Bxe4 f5 19. Bf3 g5 20. Bxc6 Qxc6 21. Be5 Qd5
22. f4 Bc6 23. Rf2 g4 24. Nf1 Bh4 25. Re2 Qd7 26. Nd2 h5 27. Qd1 Rf7 28. Re3
Qd5 29. Qe2 Rh7 30. h3 Kf7 31. Kh2 Rg8 32. g3 gxh3 33. Kxh3 Bd8 34. Nf3 Rg4 35.
Qf2 h4 36. gxh4 Qd7 37. Ng5+ Bxg5 38. fxg5 Rxg5 39. Rg1 Rxg1 40. Qxg1 Qd5 41.
Rg3 Qh1+ 42. Qxh1 Bxh1 43. Re3 Bd5 44. Bf4 Be4 45. Kg3 Rh5 46. Bg5 Rh8 47. Kf4
Kg6 48. Rg3 Kf7 49. Ke5 Bd3 50. Rh3 Kg8 51. Bf6 Rh7 52. Rg3+ Kf7 53. Bg5 Rh8
54. Rh3 Kg6 55. Kd6 Rh7 56. Kc5 a5 57. Bd8 a4 58. Rg3+ Kh6 59. Bg5+ Kh5 60. Rg1
Rc7+ 61. Kxb5 Rb7+ 62. Kxa4 Rxb2 63. Be7 Bc2+ 64. Ka5 Rb3 65. Rg5+ Kh6 66. Bf8+
Kh7 67. h5 Rxc3 68. Rg7+ Kh8 69. Rc7 Be4 70. h6 Rh3 71. Bg7+ Kg8 72. Kb4 Rb3+
73. Ka4 Rh3 1/2-1/2

[Event "4NCL/Div3/GUEM vs. HACK"]
[Site "Hinckley Island ENG"]
[Date "2010.01.16"]
[Round "3.1"]
[White "Wojciechawski, Paul"]
[Black "Reid, John"]
[Result "0-1"]
[WhiteElo "2101"]
[BlackElo "2266"]
[PlyCount "51"]
[EventDate "2010.01.16"]
[SourceDate "2009.10.24"]

1. e4 c5 2. Nf3 d6 3. d4 cxd4 4. Nxd4 Nf6 5. Nc3 a6 6. Bc4 e6 7. Bb3 b5 8. O-O
Be7 9. f4 Qc7 10. Qf3 Nc6 11. Nxc6 Qxc6 12. f5 O-O 13. Qg3 Kh8 14. fxe6 fxe6
15. Be3 b4 16. Na4 Qxe4 17. Nb6 Rb8 18. Nxc8 Rbxc8 19. Rf4 Qb7 20. Bxe6 Rxc2
21. Raf1 d5 22. Rh4 Rc4 23. Bd4 Rxd4 24. Rxd4 Qb6 25. Qe5 Bc5 26. Rfd1 0-1

[Event "4NCL/Div3/GUEM vs. HACK"]
[Site "Hinckley Island ENG"]
[Date "2010.01.16"]
[Round "3.2"]
[White "Chin, Francis CW"]
[Black "Kirby, Peter J"]
[Result "1-0"]
[WhiteElo "2223"]
[BlackElo "2067"]
[PlyCount "179"]
[EventDate "2010.01.16"]
[SourceDate "2009.10.24"]

1. d4 Nf6 2. Nf3 g6 3. c4 Bg7 4. Nc3 d5 5. e3 O-O 6. Bd3 c5 7. O-O Nc6 8. h3
Nb4 9. dxc5 Nxd3 10. Qxd3 Bf5 11. Qe2 dxc4 12. e4 Be6 13. Rd1 Qc7 14. Be3 Nd7
15. Nd5 Bxd5 16. exd5 Nxc5 17. Qxc4 Rfc8 18. Rac1 Na6 19. Qb5 Qb8 20. Rxc8+
Qxc8 21. Rc1 Qb8 22. Rc4 Nc7 23. Qd7 Ne8 24. Bf4 Qd8 25. Qxb7 Nd6 26. Bxd6 exd6
27. b3 a5 28. Ng5 Qe8 29. Re4 Qf8 30. g3 h6 31. Nf3 Qc8 32. Re7 Qxb7 33. Rxb7
Rc8 34. Rb5 Rc1+ 35. Kg2 Bc3 36. Rb8+ Kg7 37. Rc8 Kf6 38. Ng1 Bb2 39. Rxc1 Bxc1
40. f4 h5 41. Ne2 Bb2 42. Kf3 Kf5 43. g4+ hxg4+ 44. hxg4+ Kf6 45. Ke4 g5 46. f5
Ke7 47. Ng3 Be5 48. Ne2 Kd7 49. Nd4 Kc7 50. Kd3 Kb6 51. Nf3 Bf4 52. Kc4 Bc1 53.
Nd4 Bf4 54. Nc6 f6 55. Nd8 Bc1 56. Ne6 Bb2 57. Nd4 Ba1 58. Ne2 Be5 59. Nc3 Bf4
60. Ne4 Be5 61. a4 Ka6 62. b4 Kb6 63. bxa5+ Kxa5 64. Kb3 Ka6 65. Kb4 Kb6 66.
a5+ Ka6 67. Ka4 Kb7 68. Kb5 Kc7 69. Kb4 Kb7 70. Kb5 Kc7 71. a6 Bd4 72. a7 Bxa7
73. Nxf6 Be3 74. Ne4 Bf4 75. f6 Kd7 76. Kb6 Be3+ 77. Ka6 Bc1 78. Kb7 Bf4 79.
Nc3 Be5 80. Ne4 Bf4 81. f7 Ke7 82. Kc6 Kxf7 83. Nxd6+ Ke7 84. Nf5+ Kf8 85. d6
Bd2 86. Nd4 Ba5 87. Ne6+ Ke8 88. Nxg5 Bd8 89. Ne6 Bf6 90. g5 1-0

[Event "4NCL/Div3/GUEM vs. HACK"]
[Site "Hinckley Island ENG"]
[Date "2010.01.16"]
[Round "3.3"]
[White "Thurlow, Kevin J"]
[Black "Ociepka, Adrian"]
[Result "0-1"]
[WhiteElo "2070"]
[BlackElo "2127"]
[PlyCount "90"]
[EventDate "2010.01.16"]
[SourceDate "2009.10.24"]

1. c4 e6 2. Nc3 d5 3. d4 c5 4. Nf3 cxd4 5. Nxd4 e5 6. Nf3 d4 7. Nd5 Nc6 8. e3
Nf6 9. exd4 Nxd5 10. cxd5 Qxd5 11. dxe5 Qxd1+ 12. Kxd1 Bc5 13. Bc4 Bg4 14. Be3
Bxe3 15. fxe3 Nxe5 16. Bb5+ Ke7 17. Ke2 Rac8 18. Rac1 f6 19. h3 Nxf3 20. gxf3
Bxh3 21. Bd3 h6 22. Be4 Rxc1 23. Rxc1 Rc8 24. Rh1 Be6 25. Rg1 Kf8 26. b3 b6 27.
Kd2 Rc5 28. f4 g5 29. Rf1 Kg7 30. b4 Rc7 31. a3 h5 32. f5 Bd7 33. Rh1 h4 34.
Kd3 Bb5+ 35. Kd2 Kf8 36. Ra1 Ke7 37. a4 Bd7 38. Kd3 Kd6 39. Kd4 Bc6 40. Bxc6
Rxc6 41. b5 Rc2 42. a5 Rd2+ 43. Kc4 Ke5 44. axb6 axb6 45. Ra6 h3 0-1

[Event "4NCL/Div3/GUEM vs. HACK"]
[Site "Hinckley Island ENG"]
[Date "2010.01.16"]
[Round "3.4"]
[White "Hughes, Charles"]
[Black "Rowe, Peter"]
[Result "1/2-1/2"]
[WhiteElo "2050"]
[BlackElo "2039"]
[PlyCount "60"]
[EventDate "2010.01.16"]
[SourceDate "2009.10.24"]

1. d4 d5 2. Nf3 Nf6 3. e3 c6 4. Bd3 Bg4 5. O-O e6 6. Nbd2 Nbd7 7. Re1 Bd6 8. e4
dxe4 9. Nxe4 Nxe4 10. Bxe4 Nf6 11. Bg5 h6 12. Bh4 g5 13. Bg3 Bxg3 14. hxg3 Qd7
15. c3 Nxe4 16. Rxe4 Bxf3 17. Qxf3 O-O-O 18. a4 h5 19. Re5 Qe7 20. Rae1 g4 21.
Qe4 h4 22. a5 a6 23. Rc5 Qc7 24. Qxg4 Rdg8 25. Rg5 Rxg5 26. Qxg5 hxg3 27. Qxg3
Qxa5 28. Qg7 Qh5 29. f3 Qh7 30. Qxh7 Rxh7 1/2-1/2

[Event "4NCL/Div3/GUEM vs. HACK"]
[Site "Hinckley Island ENG"]
[Date "2010.01.16"]
[Round "3.5"]
[White "Brookfield, Toby N"]
[Black "Shaw, Dashiell L"]
[Result "0-1"]
[WhiteElo "1779"]
[BlackElo "1910"]
[PlyCount "83"]
[EventDate "2010.01.16"]
[SourceDate "2009.10.24"]

1. f4 d5 2. Nf3 c5 3. e3 Nc6 4. Bb5 Bd7 5. O-O g6 6. d3 Bg7 7. Qe2 Nh6 8. Bxc6
Bxc6 9. Ne5 O-O 10. Nxc6 bxc6 11. Nc3 Nf5 12. g4 Nxe3 13. Bxe3 d4 14. Bd2 dxc3
15. Bxc3 Bd4+ 16. Kh1 Qd5+ 17. Qg2 Bxc3 18. bxc3 Rab8 19. c4 Qd4 20. Rab1 Rxb1
21. Rxb1 Qxf4 22. Qxc6 Rb8 23. Rxb8+ Qxb8 24. Kg2 Qf4 25. Qxc5 Qxg4+ 26. Kf2
Qf4+ 27. Kg2 Qd2+ 28. Qf2 Qxf2+ 29. Kxf2 e5 30. c5 Kf8 31. c3 Ke7 32. d4 e4 33.
d5 f5 34. Ke3 g5 35. c4 h5 36. c6 Kd6 37. c5+ Kc7 38. a3 a6 39. a4 a5 40. Kd4
g4 41. Ke5 e3 42. d6+ 0-1

[Event "4NCL/Div3/GUEM vs. HACK"]
[Site "Hinckley Island ENG"]
[Date "2010.01.16"]
[Round "3.6"]
[White "Vives, Pepe"]
[Black "O'Connor, Jonathan T"]
[Result "1-0"]
[WhiteElo "1938"]
[BlackElo "1675"]
[PlyCount "85"]
[EventDate "2010.01.16"]
[SourceDate "2009.10.24"]

1. e4 e5 2. Nf3 Nf6 3. Nc3 Bc5 4. Nxe5 d6 5. Nf3 O-O 6. Be2 Re8 7. d3 Nc6 8.
O-O Nd4 9. Nxd4 Bxd4 10. Bg5 Re5 11. Bh4 Be6 12. Kh1 Ra5 13. Qd2 b6 14. a3 Bxc3
15. Qxc3 Nxe4 16. Qxg7+ Kxg7 17. Bxd8 Nd2 18. Rfd1 Nb3 19. cxb3 Rxd8 20. b4 Rd5
21. d4 c5 22. bxc5 dxc5 23. dxc5 Rxd1+ 24. Rxd1 Rxd1+ 25. Bxd1 bxc5 26. g4 f5
27. g5 Bd5+ 28. Kg1 f4 29. Bg4 Be4 30. h4 Kf7 31. f3 Bd3 32. Kf2 Ke7 33. Ke1
Kd6 34. Kd2 Bb1 35. Kc3 Kd5 36. h5 c4 37. Bd7 a6 38. Bc8 a5 39. Bd7 Bd3 40. b3
Kc5 41. Be6 Bb1 42. Bxc4 Bf5 43. Bd3 1-0

[Event "4NCL/Div3/FCA2 vs. E2E42"]
[Site "Hinckley Island ENG"]
[Date "2010.01.16"]
[Round "3.1"]
[White "Williamson, Kevin J"]
[Black "Hewitt, Sean D (reserve)"]
[Result "1-0"]
[WhiteElo "2045"]
[BlackElo "1951"]
[PlyCount "61"]
[EventDate "2010.01.16"]
[SourceDate "2009.10.24"]

1. d4 Nf6 2. Nc3 g6 3. e4 d6 4. Bc4 Bg7 5. Qe2 e5 6. dxe5 dxe5 7. Nf3 Nbd7 8.
O-O O-O 9. b3 c6 10. Ba3 c5 11. Rad1 Qa5 12. Bb2 a6 13. a4 Qc7 14. Nd5 Nxd5 15.
Rxd5 Nb6 16. Bxe5 Bxe5 17. Rxe5 Nxc4 18. Qxc4 b6 19. Rg5 Be6 20. Qc3 Rad8 21.
Qf6 Rd6 22. Qf4 Rfd8 23. h4 h5 24. Ne5 Kh7 25. g4 hxg4 26. h5 Rg8 27. hxg6+
fxg6 28. Qh2+ Kg7 29. Rxg6+ Kf8 30. Rxe6 Rxe6 31. Ng6+ 1-0

[Event "4NCL/Div3/FCA2 vs. E2E42"]
[Site "Hinckley Island ENG"]
[Date "2010.01.16"]
[Round "3.2"]
[White "Jones, Christopher M"]
[Black "Freeman, Richard CP"]
[Result "1/2-1/2"]
[WhiteElo "1964"]
[BlackElo "2061"]
[PlyCount "32"]
[EventDate "2010.01.16"]
[SourceDate "2009.10.24"]

1. e4 c5 2. Nf3 g6 3. d4 cxd4 4. Nxd4 Bg7 5. Nc3 Nc6 6. Be3 Nf6 7. f3 O-O 8.
Qd2 d5 9. O-O-O Nxd4 10. Bxd4 dxe4 11. fxe4 Be6 12. Be2 Qa5 13. a3 Rac8 14. Kb1
Bc4 15. Bxf6 Bxf6 16. Nd5 Qxd2 1/2-1/2

[Event "4NCL/Div3/FCA2 vs. E2E42"]
[Site "Hinckley Island ENG"]
[Date "2010.01.16"]
[Round "3.3"]
[White "Fraser-Mitchell, Jeremy N"]
[Black "Wilke, Chris"]
[Result "1-0"]
[WhiteElo "2002"]
[BlackElo "1933"]
[PlyCount "89"]
[EventDate "2010.01.16"]
[SourceDate "2009.10.24"]

1. d4 c6 2. c4 d5 3. cxd5 cxd5 4. Nc3 Nc6 5. Nf3 Nf6 6. Bf4 e6 7. e3 Bd6 8. Bd3
Bxf4 9. exf4 O-O 10. O-O Qd6 11. g3 Bd7 12. Rc1 Qb4 13. Qd2 Rac8 14. a3 Qa5 15.
Ra1 Qb6 16. b4 Qd8 17. Rfe1 g6 18. Rad1 Qc7 19. Rc1 Qd8 20. Bb1 Nh5 21. Ne5 Ng7
22. Nxc6 Bxc6 23. Nd1 Bb5 24. Ne3 h5 25. Rc5 Rxc5 26. dxc5 Qc7 27. Qd4 a5 28.
Ng2 axb4 29. axb4 Ra8 30. Nh4 Ra4 31. Bc2 Ra8 32. Nf3 Ra2 33. Bb3 Nf5 34. Qf6
Ra8 35. Bc2 Qd8 36. Qxd8+ Rxd8 37. Bxf5 gxf5 38. Nd4 Be8 39. Ra1 Kg7 40. Ra7
Rb8 41. Kf1 Kf6 42. Ke2 e5 43. fxe5+ Kxe5 44. Ke3 f6 45. f4# 1-0

[Event "4NCL/Div3/FCA2 vs. E2E42"]
[Site "Hinckley Island ENG"]
[Date "2010.01.16"]
[Round "3.4"]
[White "Gibson, Christopher A"]
[Black "Elwin, Adrian G"]
[Result "1-0"]
[WhiteElo "1970"]
[BlackElo "2013"]
[PlyCount "55"]
[EventDate "2010.01.16"]
[SourceDate "2009.10.24"]

1. d4 Nf6 2. c4 e6 3. Nf3 d5 4. Nc3 c6 5. Bg5 h6 6. Bh4 dxc4 7. e4 g5 8. Bg3 b5
9. Be2 Bb7 10. O-O Be7 11. Re1 a6 12. Ne5 Nbd7 13. Nxd7 Qxd7 14. Be5 O-O 15. h4
Nh7 16. hxg5 hxg5 17. d5 cxd5 18. exd5 exd5 19. Bf3 Rad8 20. Bd4 Rfe8 21. Bb6
d4 22. Bxd8 Bxf3 23. Qxf3 dxc3 24. Bxe7 cxb2 25. Rad1 Rxe7 26. Rxd7 Rxe1+ 27.
Kh2 b1=Q 28. Qxf7+ 1-0

[Event "4NCL/Div3/FCA2 vs. E2E42"]
[Site "Hinckley Island ENG"]
[Date "2010.01.16"]
[Round "3.5"]
[White "Valentine, Brian J"]
[Black "Jaszkiwskyj, Peter"]
[Result "1/2-1/2"]
[WhiteElo "1983"]
[BlackElo "1941"]
[PlyCount "105"]
[EventDate "2010.01.16"]
[SourceDate "2009.10.24"]

1. e4 e5 2. Nf3 Nc6 3. Bb5 a6 4. Ba4 Nf6 5. O-O b5 6. Bb3 Be7 7. Re1 d6 8. c3
O-O 9. h3 h6 10. d4 Re8 11. Nbd2 Bf8 12. Nf1 Bb7 13. d5 Ne7 14. Nh4 Qd7 15. Qf3
Nh7 16. Ng3 g6 17. Qd3 Bg7 18. Bd2 Nf6 19. Rad1 Qd8 20. c4 Nd7 21. Nf3 Nc5 22.
Qc2 Qd7 23. cxb5 axb5 24. Bb4 Nxb3 25. Qxb3 Nc8 26. a3 Nb6 27. Qc2 Nc4 28. Nd2
Nxd2 29. Qxd2 Kh7 30. Qd3 Bf8 31. Ne2 Red8 32. Nc3 Ba6 33. Qc2 Rdc8 34. Qb3 Kg7
35. Re3 Be7 36. Rf3 Bg5 37. Na2 Bb7 38. Bd2 Bxd2 39. Rxd2 f6 40. Nb4 Rf8 41.
Rc3 f5 42. Rdc2 Rac8 43. f3 fxe4 44. fxe4 Rf4 45. Re2 Qf7 46. Rf3 Rxf3 47. Qxf3
Qxf3 48. gxf3 Kf6 49. Kg2 c5 50. dxc6 Bxc6 51. Rc2 Bb7 52. Nd5+ Kf7 53. Rxc8
1/2-1/2

[Event "4NCL/Div3/FCA2 vs. E2E42"]
[Site "Hinckley Island ENG"]
[Date "2010.01.16"]
[Round "3.6"]
[White "Foster, James M"]
[Black "Adebajo, Olufemi"]
[Result "1-0"]
[WhiteElo "1876"]
[BlackElo "1952"]
[PlyCount "91"]
[EventDate "2010.01.16"]
[SourceDate "2009.10.24"]

1. e4 c5 2. Nf3 Nc6 3. d4 cxd4 4. Nxd4 g6 5. c4 Bg7 6. Be3 Nf6 7. Nc3 d6 8. Be2
O-O 9. O-O Bd7 10. Qd2 Nxd4 11. Bxd4 Bc6 12. f3 Nd7 13. Bxg7 Kxg7 14. Qd4+ Kg8
15. b4 Qb6 16. Qxb6 Nxb6 17. b5 Bd7 18. Nd5 Nxd5 19. cxd5 Rfc8 20. Rfc1 f6 21.
a4 Rc5 22. Rxc5 dxc5 23. Rc1 Rc8 24. Bc4 Kf8 25. a5 g5 26. Kf2 Ra8 27. Bd3 b6
28. Ra1 bxa5 29. Rxa5 Rb8 30. Ke2 Rb7 31. Kd2 h5 32. Kc3 h4 33. Kc4 Rc7 34. g3
hxg3 35. hxg3 e5 36. Ra6 Kf7 37. d6 Be6+ 38. Kc3 Rd7 39. Bc4 Bxc4 40. Kxc4 Ke6
41. Kxc5 Rd8 42. Rxa7 f5 43. exf5+ Kxf5 44. b6 Rc8+ 45. Rc7 Ra8 46. b7 1-0

[Event "4NCL/Div3/SCS vs. AMCAR"]
[Site "Hinckley Island ENG"]
[Date "2010.01.16"]
[Round "3.1"]
[White "Bogoda, Sagara T"]
[Black "Tart, Peter K"]
[Result "0-1"]
[WhiteElo "1874"]
[BlackElo "2078"]
[PlyCount "54"]
[EventDate "2010.01.16"]
[SourceDate "2009.10.24"]

1. d4 e6 2. c4 b6 3. Nc3 Bb7 4. e3 Nf6 5. Nf3 Be7 6. Be2 O-O 7. O-O c5 8. b3
cxd4 9. Nxd4 d5 10. Bb2 Nc6 11. Qd2 dxc4 12. Bxc4 Ne5 13. Be2 Bb4 14. a3 Ne4
15. Qe1 Bxc3 16. Bxc3 Nxc3 17. Qxc3 Rc8 18. Qb2 Qg5 19. g3 Qh6 20. f4 Qh3 21.
Bf3 Nxf3+ 22. Nxf3 Qf5 23. Nd4 Qe4 24. Nf3 Rc2 25. Qd4 Qxd4 26. Nxd4 Rg2+ 27.
Kh1 Rxg3+ 0-1

[Event "4NCL/Div3/SCS vs. AMCAR"]
[Site "Hinckley Island ENG"]
[Date "2010.01.16"]
[Round "3.2"]
[White "Sparkes, Daniel A"]
[Black "Clarke, Sean A"]
[Result "1-0"]
[WhiteElo "2066"]
[BlackElo "1786"]
[PlyCount "131"]
[EventDate "2010.01.16"]
[SourceDate "2009.10.24"]

1. e4 c6 2. Nc3 d5 3. Nf3 dxe4 4. Nxe4 Nf6 5. Nc3 Bg4 6. Bc4 e6 7. h3 Bh5 8. d3
Bd6 9. Bg5 Nbd7 10. g4 Bg6 11. Qe2 h6 12. Bh4 Qc7 13. O-O-O O-O-O 14. Kb1 Rde8
15. Rhe1 Bh7 16. g5 Nh5 17. Ne4 Be7 18. gxh6 gxh6 19. Bxe7 Rxe7 20. Qe3 Kb8 21.
Qxh6 Nf4 22. Qg7 Ree8 23. Nf6 Nxf6 24. Qxf6 Nxh3 25. Ne5 Qe7 26. Re3 Qxf6 27.
Nd7+ Kc7 28. Nxf6 Bf5 29. Nxe8+ Rxe8 30. Rf1 Rg8 31. Rg3 Rd8 32. Rg7 Rd7 33. f3
a5 34. a4 Nf4 35. Rh1 Bh3 36. Rh2 Bf5 37. Rh8 Nd5 38. Ra8 Kb6 39. Bxd5 exd5 40.
Kc1 Re7 41. Kd2 Bg6 42. d4 Bh5 43. Rf8 Bg6 44. c3 Ka7 45. Rgg8 Bh5 46. Rg7 Bg6
47. Rh8 Re6 48. Rh6 Kb6 49. f4 Kc7 50. f5 Bxf5 51. Rxf7+ Kd6 52. Rxe6+ Bxe6 53.
Rxb7 Bh3 54. b4 axb4 55. cxb4 Bc8 56. Rb8 Bh3 57. Kc3 Kc7 58. Rf8 Bg4 59. Rf7+
Kb6 60. a5+ Ka6 61. Rc7 Kb5 62. Rb7+ Ka6 63. Rb6+ Ka7 64. Rxc6 Kb7 65. b5 Be2
66. Kb4 1-0

[Event "4NCL/Div3/SCS vs. AMCAR"]
[Site "Hinckley Island ENG"]
[Date "2010.01.16"]
[Round "3.3"]
[White "Lutton, J Arnold"]
[Black "McLaughlin, Noel S"]
[Result "0-1"]
[WhiteElo "1823"]
[BlackElo "2022"]
[PlyCount "60"]
[EventDate "2010.01.16"]
[SourceDate "2009.10.24"]

1. e4 c5 2. Nc3 Nc6 3. f4 e6 4. Nf3 d5 5. d3 Nf6 6. Be2 Be7 7. O-O d4 8. Nb1 b5
9. a4 b4 10. Nbd2 Na5 11. Ne5 Nd7 12. Nxd7 Bxd7 13. b3 Qc7 14. Nf3 f6 15. Qe1
O-O-O 16. Qf2 Rdf8 17. f5 g5 18. Kh1 h5 19. Bd2 Nc6 20. Rae1 Bd6 21. g3 exf5
22. exf5 Ne7 23. Nxd4 cxd4 24. Qxd4 Nxf5 25. Qc4 Qxc4 26. dxc4 Nd4 27. Bd3 h4
28. gxh4 Rxh4 29. Be3 Bc6+ 30. Kg1 Rg4+ 0-1

[Event "4NCL/Div3/SCS vs. AMCAR"]
[Site "Hinckley Island ENG"]
[Date "2010.01.16"]
[Round "3.4"]
[White "Stille, Alexander M"]
[Black "Fonseca, Antonio JS"]
[Result "1-0"]
[WhiteElo "2054"]
[BlackElo "1786"]
[PlyCount "73"]
[EventDate "2010.01.16"]
[SourceDate "2009.10.24"]

1. d4 d5 2. c4 e6 3. g3 h6 4. Bg2 Nf6 5. Nf3 Bb4+ 6. Bd2 Bxd2+ 7. Nbxd2 O-O 8.
O-O c6 9. Qc2 Na6 10. e4 Nc7 11. Rac1 Bd7 12. e5 Nh7 13. h4 Qe7 14. Ne1 Rac8
15. Nd3 Na6 16. Qb3 Rb8 17. c5 Nc7 18. Nf4 Kh8 19. Qc2 a6 20. Bf3 g5 21. hxg5
hxg5 22. Nh5 Rg8 23. Kg2 Rg6 24. Rh1 Kg8 25. Be2 Nb5 26. Nb3 Be8 27. Bd3 a5 28.
a4 Na7 29. Bxg6 fxg6 30. Nf6+ Nxf6 31. exf6 Qxf6 32. Rh6 b5 33. cxb6 Rxb6 34.
Rch1 Rb4 35. Nxa5 Qxd4 36. Rh8+ Qxh8 37. Rxh8+ 1-0

[Event "4NCL/Div3/SCS vs. AMCAR"]
[Site "Hinckley Island ENG"]
[Date "2010.01.16"]
[Round "3.5"]
[White "Bogoda, Nathasha O"]
[Black "Mitchell, Stephen R"]
[Result "0-1"]
[WhiteElo "1658"]
[BlackElo "2017"]
[PlyCount "58"]
[EventDate "2010.01.16"]
[SourceDate "2009.10.24"]

1. d4 f5 2. g3 Nf6 3. c4 g6 4. Nf3 d6 5. e3 Bg7 6. Bg2 O-O 7. O-O Qe8 8. Nc3 a6
9. Qc2 Nc6 10. Bd2 e5 11. Ne2 h6 12. Qb3 Kh8 13. dxe5 dxe5 14. Bc3 g5 15. h3
Ne4 16. Rfd1 Rg8 17. Qc2 a5 18. b3 Nxc3 19. Nxc3 e4 20. Nd4 Nb4 21. Qb1 c6 22.
a3 Nd3 23. Bf1 Ne5 24. Be2 Nf3+ 25. Bxf3 exf3 26. Qc2 Qh5 27. Kh2 f4 28. Kg1
Bxd4 29. exd4 Qxh3 0-1

[Event "4NCL/Div3/KJCAN vs. OXF2"]
[Site "Hinckley Island ENG"]
[Date "2010.01.16"]
[Round "3.1"]
[White "Clanchy, Nicholas"]
[Black "Stembridge, Ed"]
[Result "0-1"]
[WhiteElo "1858"]
[BlackElo "2066"]
[PlyCount "83"]
[EventDate "2010.01.16"]
[SourceDate "2009.10.24"]

1. c4 Nf6 2. Nc3 c5 3. g3 g6 4. Bg2 Nc6 5. d3 Bg7 6. e4 d6 7. Nge2 O-O 8. O-O
Ne8 9. Bg5 f6 10. Be3 e5 11. Qd2 Rf7 12. Rab1 Nc7 13. a3 Nd4 14. b4 b6 15. h3
Nxe2+ 16. Nxe2 Ne6 17. f4 Nd4 18. Kh2 Nxe2 19. Qxe2 Qe7 20. f5 Qf8 21. Qd2 Bd7
22. h4 Qe7 23. Rf2 Kh8 24. Rbf1 Rg8 25. g4 Rgf8 26. Bh3 Qe8 27. g5 fxg5 28.
Bxg5 gxf5 29. exf5 Bf6 30. Qe3 Bc6 31. Bg4 Re7 32. Rg1 e4 33. Bxf6+ Rxf6 34.
Qg5 Qf8 35. Bh5 exd3 36. Rf4 Rg7 37. Qxg7+ Qxg7 38. Rxg7 Kxg7 39. Bf3 d2 40.
Bd1 Bd7 41. Bc2 Rxf5 42. Bxf5 0-1

[Event "4NCL/Div3/KJCAN vs. OXF2"]
[Site "Hinckley Island ENG"]
[Date "2010.01.16"]
[Round "3.2"]
[White "Jackson, Gary C"]
[Black "Murphy, Conor"]
[Result "1-0"]
[WhiteElo "2034"]
[BlackElo "1794"]
[PlyCount "155"]
[EventDate "2010.01.16"]
[SourceDate "2009.10.24"]

1. e4 e5 2. Nf3 Nc6 3. Bb5 a6 4. Ba4 Nf6 5. d4 exd4 6. O-O Be7 7. e5 Ne4 8.
Nxd4 Nc5 9. Nf5 Ne6 10. Nxe7 Qxe7 11. Re1 b5 12. Bb3 Bb7 13. c3 Rd8 14. f4 g6
15. Bd5 h5 16. Qf3 h4 17. h3 Rh5 18. Nd2 Kf8 19. Nb3 Ng7 20. Be3 Ne6 21. Be4
Rh8 22. Rf1 Re8 23. Rf2 Kg8 24. Rd1 Rd8 25. Rfd2 Kf8 26. Bd5 Kg8 27. Qe4 Rh5
28. Qf3 Rh8 29. Nc1 Rh5 30. b4 Rh8 31. Nd3 Rh5 32. Be4 Rh8 33. Qg4 Qe8 34. f5
Nf8 35. fxg6 fxg6 36. Qg5 Rh5 37. Qf6 Qe6 38. Nc5 Qxf6 39. exf6 Ba8 40. Nxa6
Nxb4 41. Bxa8 Nxa6 42. Bd5+ Kh7 43. Bf2 b4 44. c4 d6 45. Bf3 Rf5 46. Bg4 Rf4
47. c5 d5 48. Rxd5 Rxd5 49. Rxd5 Rxf6 50. Bxh4 Rf4 51. Be7 Rf7 52. Bxf8 Rxf8
53. Be2 Nb8 54. Rd4 Re8 55. Bf3 Na6 56. Rc4 Re5 57. c6 Kg7 58. Kf2 Nc5 59. Kg3
b3 60. axb3 Nxb3 61. Rb4 Nc5 62. Rd4 Kf6 63. Kf2 Ke7 64. h4 Kf6 65. g4 Re7 66.
Rd5 Ne6 67. Rd7 Re8 68. Bd5 Nf4 69. Bc4 Re4 70. Rf7+ Ke5 71. Re7+ Kd4 72. Rxe4+
Kxe4 73. Bf7 Nd3+ 74. Kg3 Nf4 75. h5 gxh5 76. gxh5 Kf5 77. h6 Kf6 78. Kxf4 1-0

[Event "4NCL/Div3/KJCAN vs. OXF2"]
[Site "Hinckley Island ENG"]
[Date "2010.01.16"]
[Round "3.3"]
[White "Kalid, Raphael"]
[Black "Scott, David A"]
[Result "0-1"]
[WhiteElo "1786"]
[BlackElo "2058"]
[PlyCount "98"]
[EventDate "2010.01.16"]
[SourceDate "2009.10.24"]

1. Nf3 Nf6 2. d4 e6 3. Bf4 b6 4. Nbd2 Bb7 5. e3 c5 6. c3 Be7 7. Bd3 d5 8. O-O
O-O 9. h3 Ne4 10. Ne1 f5 11. f3 Nxd2 12. Qxd2 Nd7 13. g4 Rf7 14. Ng2 Nf8 15.
Bg3 Bd6 16. Bxd6 Qxd6 17. f4 a5 18. Rf2 Ba6 19. Bc2 Qe7 20. Rd1 Nd7 21. g5 Rff8
22. Qe1 Ra7 23. Rfd2 b5 24. h4 b4 25. h5 Nb6 26. Nh4 Nc4 27. Rh2 Nxb2 28. Rb1
Nc4 29. Ng6 Qd6 30. Nxf8 Qxf8 31. Rc1 Qd6 32. Rh4 Rb7 33. cxb4 cxb4 34. Ba4 Bb5
35. Bxb5 Rxb5 36. g6 h6 37. Qd1 Kf8 38. Rh2 Qa6 39. Re2 Ke7 40. Qa4 Kd6 41. Kf2
Rb8 42. Qd1 Qb5 43. Rb1 Kd7 44. a4 Qa6 45. Qb3 Rc8 46. Ra1 Nd6 47. Rc2 Ne4+ 48.
Kg2 Rc3 49. Rxc3 Qe2+ 0-1

[Event "4NCL/Div3/KJCAN vs. OXF2"]
[Site "Hinckley Island ENG"]
[Date "2010.01.16"]
[Round "3.4"]
[White "Rawlinson, Christopher JA"]
[Black "Reddiar, Gautham"]
[Result "1-0"]
[WhiteElo "2048"]
[BlackElo "1746"]
[PlyCount "53"]
[EventDate "2010.01.16"]
[SourceDate "2009.10.24"]

1. e4 e6 2. d4 d5 3. Nd2 Be7 4. Bd3 b6 5. c3 Bb7 6. e5 Nd7 7. Qg4 Kf8 8. f4 g6
9. Ne2 h5 10. Qf3 c5 11. O-O Nh6 12. Qf2 Rc8 13. Nf3 Nf5 14. g3 Kg7 15. Ng5 Nf8
16. h3 Nh7 17. g4 Nh6 18. Nxh7 Rxh7 19. f5 exf5 20. Bxh6+ Rxh6 21. gxf5 gxf5
22. Qxf5 Qe8 23. Rf3 c4 24. Bc2 Bc6 25. Qf4 Rh8 26. Raf1 Rg8 27. Rg3+ 1-0

[Event "4NCL/Div3/KJCAN vs. OXF2"]
[Site "Hinckley Island ENG"]
[Date "2010.01.16"]
[Round "3.5"]
[White "Davis, Alexei"]
[Black "Ludbrook, Matthew"]
[Result "0-1"]
[WhiteElo "1730"]
[BlackElo "2011"]
[PlyCount "62"]
[EventDate "2010.01.16"]
[SourceDate "2009.10.24"]

1. d4 Nf6 2. Nc3 g6 3. e4 d6 4. Be3 Bg7 5. Qd2 O-O 6. Bh6 c5 7. Bxg7 Kxg7 8.
dxc5 dxc5 9. Qxd8 Rxd8 10. Nf3 Nc6 11. a3 Bg4 12. Be2 Nd4 13. Nxd4 cxd4 14. e5
Nd7 15. f4 Bf5 16. Nb5 Nc5 17. O-O-O d3 18. cxd3 Bxd3 19. b4 Bxe2 20. Rxd8 Rxd8
21. Nc3 Nb3+ 22. Kb2 Bc4 23. Rd1 Rd2+ 24. Rxd2 Nxd2 25. Nd1 Ne4 26. a4 b5 27.
Ne3 Kf8 28. a5 Ke8 29. Nxc4 bxc4 30. a6 Kd7 31. b5 Kc7 0-1